<?xml version="1.0" encoding="UTF-8"?>
<record
    xmlns:xsi="http://www.w3.org/2001/XMLSchema-instance"
    xsi:schemaLocation="http://www.loc.gov/MARC21/slim http://www.loc.gov/standards/marcxml/schema/MARC21slim.xsd"
    xmlns="http://www.loc.gov/MARC21/slim">

  <leader>00889cam a2200313 i 4500</leader>
  <datafield tag="999" ind1=" " ind2=" ">
    <subfield code="c">7878</subfield>
    <subfield code="d">7878</subfield>
  </datafield>
  <controlfield tag="001">991060403200506706</controlfield>
  <controlfield tag="003">OSt</controlfield>
  <controlfield tag="005">20240306135009.0</controlfield>
  <controlfield tag="008">220309e202202  spc           |00 0 cat|c</controlfield>
  <datafield tag="015" ind1=" " ind2=" ">
    <subfield code="a">LL2022</subfield>
    <subfield code="2">bnc</subfield>
  </datafield>
  <datafield tag="017" ind1=" " ind2=" ">
    <subfield code="a">DL  B 1676-2022</subfield>
    <subfield code="b">Biblioteca de Catalunya</subfield>
  </datafield>
  <datafield tag="020" ind1=" " ind2=" ">
    <subfield code="a">9788418857485</subfield>
  </datafield>
  <datafield tag="040" ind1=" " ind2=" ">
    <subfield code="a">ES-BaBAB</subfield>
    <subfield code="b">cat</subfield>
    <subfield code="e">rda</subfield>
    <subfield code="c">CDMR</subfield>
  </datafield>
  <datafield tag="080" ind1=" " ind2=" ">
    <subfield code="a">911.3:32</subfield>
    <subfield code="2">2004</subfield>
  </datafield>
  <datafield tag="080" ind1=" " ind2=" ">
    <subfield code="a">341.222</subfield>
    <subfield code="2">2004</subfield>
  </datafield>
  <datafield tag="100" ind1="1" ind2=" ">
    <subfield code="a">Partal, Vicent</subfield>
    <subfield code="9">3242</subfield>
  </datafield>
  <datafield tag="245" ind1="1" ind2="0">
    <subfield code="a">Fronteres /</subfield>
    <subfield code="c">Vicent Partal </subfield>
  </datafield>
  <datafield tag="250" ind1=" " ind2=" ">
    <subfield code="a">2a ed.</subfield>
  </datafield>
  <datafield tag="264" ind1=" " ind2="1">
    <subfield code="a">Barcelona :</subfield>
    <subfield code="b">Comanegra,</subfield>
    <subfield code="c">2022</subfield>
  </datafield>
  <datafield tag="300" ind1=" " ind2=" ">
    <subfield code="a">252 p&#xE0;gines ;</subfield>
    <subfield code="c">21 cm</subfield>
  </datafield>
  <datafield tag="490" ind1="1" ind2=" ">
    <subfield code="a">Espores ;</subfield>
    <subfield code="v">3.</subfield>
  </datafield>
  <datafield tag="500" ind1=" " ind2=" ">
    <subfield code="a">A la coberta: Aquelles l&#xED;nies que alg&#xFA; ha dibuixat sobre el mapa</subfield>
  </datafield>
  <datafield tag="650" ind1="0" ind2="7">
    <subfield code="a">Geografia pol&#xED;tica</subfield>
    <subfield code="2">lemac</subfield>
  </datafield>
  <datafield tag="650" ind1="0" ind2="7">
    <subfield code="a">Fronteres</subfield>
    <subfield code="2">lemac</subfield>
  </datafield>
  <datafield tag="830" ind1=" " ind2="0">
    <subfield code="a">Espores ;</subfield>
    <subfield code="v">3</subfield>
  </datafield>
  <datafield tag="908" ind1=" " ind2=" ">
    <subfield code="a">BAB</subfield>
    <subfield code="a">BC</subfield>
    <subfield code="a">URV</subfield>
    <subfield code="a">CLR</subfield>
    <subfield code="a">UAB</subfield>
  </datafield>
  <datafield tag="940" ind1=" " ind2=" ">
    <subfield code="a">BAB</subfield>
  </datafield>
  <datafield tag="942" ind1=" " ind2=" ">
    <subfield code="2">udc</subfield>
    <subfield code="c">MON</subfield>
  </datafield>
  <datafield tag="952" ind1=" " ind2=" ">
    <subfield code="0">0</subfield>
    <subfield code="1">0</subfield>
    <subfield code="4">0</subfield>
    <subfield code="7">0</subfield>
    <subfield code="a">CDMR</subfield>
    <subfield code="b">CDMR</subfield>
    <subfield code="d">2024-03-06</subfield>
    <subfield code="e">Donaci&#xF3;</subfield>
    <subfield code="g">18.00</subfield>
    <subfield code="l">0</subfield>
    <subfield code="o">Dj /135</subfield>
    <subfield code="p">CDMR22040005</subfield>
    <subfield code="r">2024-03-06</subfield>
    <subfield code="w">2024-03-06</subfield>
    <subfield code="y">MON</subfield>
  </datafield>
</record>
